Statistiques concernant Drapeaux des pays frontaliers de la France

Cliquez ici pour prendre le quiz!

Statistiques générales

  • Ce quiz a été pris 17 603 fois
  • Le résultat moyen est 9 sur 10

Statistiques - réponses

Réponse% Correct
Suisse
100%
Allemagne
98%
Italie
98%
Belgique
97%
Brésil
97%
Espagne
96%
Luxembourg
85%
Monaco
85%
Andorre
83%
Suriname
58%

Distribution des résultats

Percentile par nombre de réponses

% des personnes avec chaque résultat

Votre développement - résultats

Vous n’avez pas pris ce quiz